[Event "Irena Warakomska Memorial 2019"]
[Site "Suwalki"]
[Date "2019.08.07"]
[Round "3"]
[White "Czopor, Maciej"]
[Black "Tomczak, Jacek"]
[Result "0-1"]
[Board "18"]
[WhiteElo "2241"]
[WhiteCountry "POL"]
[WhiteFideId "21805431"]
[WhiteEloChange "-2"]
[BlackElo "2628"]
[BlackTitle "GM"]
[BlackCountry "POL"]
[BlackFideId "1124668"]
[BlackEloChange "1"]

1. e4 {[%clk 1:30:57]} c5 {[%clk 1:28:17]} 2. Nf3 {[%clk 1:31:13]} d6 {[%clk
1:28:36]} 3. d4 {[%clk 1:31:30]} cxd4 {[%clk 1:28:56]} 4. Nxd4 {[%clk 1:31:51]}
Nf6 {[%clk 1:29:16]} 5. Nc3 {[%clk 1:32:06]} a6 {[%clk 1:29:37]} 6. Be3 {[%clk
1:31:48]} e5 {[%clk 1:29:15]} 7. Nb3 {[%clk 1:32:00]} Be6 {[%clk 1:29:23]} 8. Qd2
{[%clk 1:31:31]} Nbd7 {[%clk 1:28:16]} 9. O-O-O {[%clk 1:28:08]} Rc8 {[%clk
1:26:39]} 10. f4 {[%clk 1:27:50]} b5 {[%clk 1:24:17]} 11. Kb1 {[%clk 1:26:29]}
Be7 {[%clk 1:18:11]} 12. h3 {[%clk 1:25:31]} Qc7 {[%clk 1:09:29]} 13. g4 {[%clk
1:11:44]} h6 {[%clk 0:42:34]} 14. f5 {[%clk 1:01:13]} Bc4 {[%clk 0:41:56]} 15.
Nd5 {[%clk 0:40:38]} Bxd5 {[%clk 0:37:02]} 16. exd5 {[%clk 0:40:54]} Nb6 {[%clk
0:37:17]} 17. Bxb6 {[%clk 0:38:05]} Qxb6 {[%clk 0:37:09]} 18. Bg2 {[%clk
0:37:35]} b4 {[%clk 0:33:50]} 19. Qe2 {[%clk 0:31:27]} a5 {[%clk 0:33:36]} 20.
Nd2 {[%clk 0:29:31]} a4 {[%clk 0:29:12]} 21. Ne4 {[%clk 0:27:57]} Nxe4 {[%clk
0:26:56]} 22. Bxe4 {[%clk 0:28:17]} a3 {[%clk 0:27:08]} 23. b3 {[%clk 0:28:03]}
Bh4 {[%clk 0:27:22]} 24. c4 {[%clk 0:23:45]} bxc3 {[%clk 0:21:43]} 25. Kc2 {[%clk
0:23:45]} Ke7 {[%clk 0:21:43]} 26. Rh2 {[%clk 0:21:28]} Qc5 {[%clk 0:20:49]} 27.
Qf3 {[%clk 0:19:21]} Qb4 {[%clk 0:11:42]} 28. Re2 {[%clk 0:18:48]} Rc5 {[%clk
0:10:46]} 29. Rb1 {[%clk 0:12:29]} Rb8 {[%clk 0:09:12]} 30. Qd3 {[%clk 0:11:59]}
Qa5 {[%clk 0:08:43]} 31. Rd1 {[%clk 0:07:04]} Rb4 {[%clk 0:05:13]} 32. Qf3 {[%clk
0:06:59]} Kf8 {[%clk 0:04:18]} 33. Re3 {[%clk 0:03:38]} Bg5 {[%clk 0:03:44]} 34.
Re2 {[%clk 0:03:54]} f6 {[%clk 0:02:40]} 35. Qf2 {[%clk 0:03:42]} Bd2 {[%clk
0:02:37]} 36. Qf3 {[%clk 0:02:39]} Rxb3 {[%clk 0:01:49]} 37. axb3 {[%clk
0:02:05]} a2 {[%clk 0:02:15]} 38. Qh1 {[%clk 0:01:04]} Qa3 {[%clk 0:02:31]} 39.
Ra1 {[%clk 0:00:35]} Qb2+ {[%clk 0:02:08]} 40. Kd3 {[%clk 0:31:04]} Qxb3 {[%clk
0:31:23]} 41. Rxd2 {[%clk 0:30:24]} cxd2+ {[%clk 0:29:04]} 42. Kxd2 {[%clk
0:24:54]} Qb2+ {[%clk 0:28:22]} 43. Ke3 {[%clk 0:25:11]} Qd4+ {[%clk 0:28:30]}
44. Ke2 {[%clk 0:24:57]} Rc3 {[%clk 0:28:40]} 45. Rxa2 {[%clk 0:21:55]} Qe3+
{[%clk 0:28:51]} 0-1

[Event "Irena Warakomska Memorial 2019"]
[Site "Suwalki"]
[Date "2019.08.07"]
[Round "3"]
[White "Karavade, Eesha"]
[Black "Zaika, Daniil"]
[Result "1/2-1/2"]
[Board "24"]
[WhiteElo "2355"]
[WhiteTitle "IM"]
[WhiteCountry "IND"]
[WhiteFideId "5012600"]
[WhiteEloChange "-4"]
[BlackElo "2216"]
[BlackCountry "RUS"]
[BlackFideId "44131186"]
[BlackEloChange "4"]

1. e4 {[%clk 1:30:52]} c5 {[%clk 1:30:32]} 2. Nf3 {[%clk 1:30:58]} d6 {[%clk
1:29:30]} 3. Bb5+ {[%clk 1:31:14]} Bd7 {[%clk 1:29:52]} 4. Bxd7+ {[%clk 1:31:19]}
Qxd7 {[%clk 1:29:54]} 5. c4 {[%clk 1:31:27]} e5 {[%clk 1:29:42]} 6. Nc3 {[%clk
1:27:39]} Nc6 {[%clk 1:29:30]} 7. O-O {[%clk 1:28:00]} Be7 {[%clk 1:29:50]} 8. d3
{[%clk 1:26:13]} Bd8 {[%clk 1:29:58]} 9. a3 {[%clk 1:18:42]} a5 {[%clk 1:25:08]}
10. Rb1 {[%clk 1:10:15]} Nge7 {[%clk 1:23:04]} 11. Ne1 {[%clk 1:08:55]} O-O
{[%clk 1:19:51]} 12. f4 {[%clk 1:07:36]} f5 {[%clk 1:07:13]} 13. fxe5 {[%clk
1:01:03]} Nxe5 {[%clk 0:51:45]} 14. Nf3 {[%clk 1:01:25]} fxe4 {[%clk 0:43:25]}
15. Nxe5 {[%clk 0:56:14]} Rxf1+ {[%clk 0:43:36]} 16. Qxf1 {[%clk 0:56:42]} dxe5
{[%clk 0:43:52]} 17. Nxe4 {[%clk 0:56:56]} Nf5 {[%clk 0:34:12]} 18. Bd2 {[%clk
0:56:17]} Bc7 {[%clk 0:27:32]} 19. Bc3 {[%clk 0:56:33]} b6 {[%clk 0:22:15]} 20.
Qf3 {[%clk 0:55:33]} Rf8 {[%clk 0:19:52]} 21. Rf1 {[%clk 0:52:34]} Qe7 {[%clk
0:19:20]} 22. Qh3 {[%clk 0:52:01]} g6 {[%clk 0:08:08]} 23. Bd2 {[%clk 0:49:41]}
Nd4 {[%clk 0:08:29]} 24. Re1 {[%clk 0:46:23]} Qf7 {[%clk 0:07:14]} 25. Qg4 {[%clk
0:46:47]} Qf5 {[%clk 0:03:53]} 26. Qd1 {[%clk 0:46:57]} Ne6 {[%clk 0:04:03]} 27.
Rf1 {[%clk 0:42:51]} Qxf1+ {[%clk 0:03:35]} 28. Qxf1 {[%clk 0:43:19]} Rxf1+
{[%clk 0:03:59]} 29. Kxf1 {[%clk 0:43:44]} Kf7 {[%clk 0:02:25]} 30. Kf2 {[%clk
0:43:36]} h5 {[%clk 0:02:35]} 31. h3 {[%clk 0:43:10]} Bd8 {[%clk 0:02:01]} 32.
Be3 {[%clk 0:42:59]} Ng7 {[%clk 0:00:46]} 33. g4 {[%clk 0:40:52]} hxg4 {[%clk
0:01:13]} 34. hxg4 {[%clk 0:41:15]} Ne6 {[%clk 0:00:48]} 35. Kf3 {[%clk 0:38:58]}
Be7 {[%clk 0:00:41]} 36. Nc3 {[%clk 0:37:11]} Ng7 {[%clk 0:01:05]} 37. Na4 {[%clk
0:29:19]} Bd8 {[%clk 0:01:29]} 38. Bd2 {[%clk 0:29:40]} Ke6 {[%clk 0:00:46]} 39.
b4 {[%clk 0:29:47]} axb4 {[%clk 0:01:13]} 40. axb4 {[%clk 1:00:12]} cxb4 {[%clk
0:31:26]} 41. Bxb4 {[%clk 1:00:36]} Ne8 {[%clk 0:31:27]} 42. Nc3 {[%clk 1:00:19]}
Nf6 {[%clk 0:28:32]} 43. Ne4 {[%clk 1:00:04]} Nd7 {[%clk 0:19:20]} 44. Ba3 {[%clk
1:00:08]} Bc7 {[%clk 0:19:28]} 45. Nc3 {[%clk 0:57:36]} Bd6 {[%clk 0:17:45]} 46.
Bxd6 {[%clk 0:54:36]} Kxd6 {[%clk 0:18:08]} 47. Ne4+ {[%clk 0:53:56]} Ke6 {[%clk
0:18:29]} 48. Ke3 {[%clk 0:54:02]} Nc5 {[%clk 0:16:27]} 49. Nxc5+ {[%clk
0:51:45]} bxc5 {[%clk 0:16:54]} 50. Ke4 {[%clk 0:52:08]} Kd6 {[%clk 0:17:19]} 51.
Ke3 {[%clk 0:52:14]} Ke6 {[%clk 0:17:33]} 52. Ke4 {[%clk 0:52:38]} Kd6 {[%clk
0:18:00]} 53. Ke3 {[%clk 0:53:03]} Ke6 {[%clk 0:18:24]} 1/2-1/2

[Event "Irena Warakomska Memorial 2019"]
[Site "Suwalki"]
[Date "2019.08.07"]
[Round "3"]
[White "Kowalski, Igor"]
[Black "Kukula, Pawel"]
[Result "1-0"]
[Board "25"]
[WhiteElo "2344"]
[WhiteTitle "FM"]
[WhiteCountry "POL"]
[WhiteFideId "1172468"]
[WhiteEloChange "6"]
[BlackElo "2209"]
[BlackCountry "POL"]
[BlackFideId "1115081"]
[BlackEloChange "-6"]

1. d4 {[%clk 1:30:59]} f5 {[%clk 1:30:49]} 2. g3 {[%clk 1:31:25]} Nf6 {[%clk
1:31:06]} 3. Bg2 {[%clk 1:31:52]} e6 {[%clk 1:31:21]} 4. Nf3 {[%clk 1:32:13]} d6
{[%clk 1:31:28]} 5. O-O {[%clk 1:32:32]} Be7 {[%clk 1:31:53]} 6. c4 {[%clk
1:32:58]} O-O {[%clk 1:32:14]} 7. Nc3 {[%clk 1:33:26]} Ne4 {[%clk 1:31:46]} 8.
Qc2 {[%clk 1:33:51]} Nxc3 {[%clk 1:31:52]} 9. Qxc3 {[%clk 1:34:18]} Bf6 {[%clk
1:31:14]} 10. Rd1 {[%clk 1:34:02]} Qe7 {[%clk 1:31:23]} 11. Qa3 {[%clk 1:29:47]}
Nd7 {[%clk 1:29:25]} 12. b4 {[%clk 1:21:34]} c6 {[%clk 1:25:18]} 13. Bb2 {[%clk
1:19:15]} Nb6 {[%clk 1:09:29]} 14. Qb3 {[%clk 1:02:59]} d5 {[%clk 1:09:12]} 15.
Nd2 {[%clk 1:03:15]} e5 {[%clk 0:35:53]} 16. dxe5 {[%clk 1:00:06]} Bxe5 {[%clk
0:36:18]} 17. cxd5 {[%clk 1:00:32]} Bxb2 {[%clk 0:36:10]} 18. dxc6+ {[%clk
1:00:36]} Be6 {[%clk 0:36:01]} 19. Qxb2 {[%clk 1:00:59]} bxc6 {[%clk 0:36:25]}
20. Bxc6 {[%clk 1:00:54]} Rac8 {[%clk 0:36:37]} 21. b5 {[%clk 0:57:59]} f4 {[%clk
0:37:04]} 22. Nf3 {[%clk 0:57:08]} fxg3 {[%clk 0:37:21]} 23. hxg3 {[%clk
0:57:31]} Kh8 {[%clk 0:28:04]} 24. Rd4 {[%clk 0:52:49]} Bc4 {[%clk 0:22:35]} 25.
Re4 {[%clk 0:51:58]} Qf7 {[%clk 0:22:32]} 26. Qe5 {[%clk 0:49:44]} Rcd8 {[%clk
0:13:22]} 27. Rf4 {[%clk 0:48:35]} Qg8 {[%clk 0:12:32]} 28. Rh4 {[%clk 0:45:01]}
Rf6 {[%clk 0:10:18]} 29. a4 {[%clk 0:40:35]} h6 {[%clk 0:09:25]} 30. a5 {[%clk
0:22:32]} Nc8 {[%clk 0:09:44]} 31. Rc1 {[%clk 0:22:54]} Re6 {[%clk 0:05:42]} 32.
Qc3 {[%clk 0:23:04]} Bxe2 {[%clk 0:05:04]} 33. Nd4 {[%clk 0:23:21]} Qf7 {[%clk
0:00:56]} 34. Nxe6 {[%clk 0:23:44]} 1-0

[Event "Irena Warakomska Memorial 2019"]
[Site "Suwalki"]
[Date "2019.08.07"]
[Round "3"]
[White "Szpar, Milosz"]
[Black "Wolanski, Michal"]
[Result "1-0"]
[Board "30"]
[WhiteElo "2290"]
[WhiteTitle "FM"]
[WhiteCountry "POL"]
[WhiteFideId "1184989"]
[WhiteEloChange "3"]
[BlackElo "2007"]
[BlackCountry "POL"]
[BlackFideId "1137778"]
[BlackEloChange "-3"]

1. e4 {[%clk 1:30:55]} c5 {[%clk 1:30:55]} 2. Nf3 {[%clk 1:31:16]} g6 {[%clk
1:31:20]} 3. d4 {[%clk 1:31:20]} cxd4 {[%clk 1:31:43]} 4. Nxd4 {[%clk 1:31:25]}
Nc6 {[%clk 1:32:07]} 5. c4 {[%clk 1:31:21]} Nf6 {[%clk 1:32:31]} 6. Nc3 {[%clk
1:31:42]} d6 {[%clk 1:32:51]} 7. Be2 {[%clk 1:31:59]} Nxd4 {[%clk 1:33:03]} 8.
Qxd4 {[%clk 1:32:23]} Bg7 {[%clk 1:33:25]} 9. Be3 {[%clk 1:32:47]} O-O {[%clk
1:33:37]} 10. Qd2 {[%clk 1:33:11]} Bd7 {[%clk 1:29:15]} 11. O-O {[%clk 1:32:00]}
Bc6 {[%clk 1:29:38]} 12. f3 {[%clk 1:31:59]} Nd7 {[%clk 1:29:16]} 13. b4 {[%clk
1:28:03]} b6 {[%clk 1:29:11]} 14. a3 {[%clk 1:23:00]} Rc8 {[%clk 1:24:19]} 15.
Rac1 {[%clk 1:21:24]} Ne5 {[%clk 1:18:14]} 16. Nd5 {[%clk 1:08:17]} e6 {[%clk
0:55:07]} 17. Nc3 {[%clk 1:06:52]} f5 {[%clk 0:39:23]} 18. exf5 {[%clk 1:01:30]}
gxf5 {[%clk 0:38:36]} 19. Kh1 {[%clk 0:54:18]} Qe7 {[%clk 0:34:47]} 20. Rfd1
{[%clk 0:49:28]} Rfd8 {[%clk 0:34:16]} 21. Bf1 {[%clk 0:46:04]} Rd7 {[%clk
0:24:16]} 22. Qa2 {[%clk 0:42:47]} Kh8 {[%clk 0:22:59]} 23. Ne2 {[%clk 0:39:56]}
Rg8 {[%clk 0:17:03]} 24. Nd4 {[%clk 0:36:08]} Bb7 {[%clk 0:17:23]} 25. Rd2 {[%clk
0:30:55]} Qf6 {[%clk 0:16:09]} 26. Re1 {[%clk 0:25:07]} Ng6 {[%clk 0:12:02]} 27.
c5 {[%clk 0:20:59]} f4 {[%clk 0:09:26]} 28. Bg1 {[%clk 0:17:43]} Bd5 {[%clk
0:09:06]} 29. Bc4 {[%clk 0:12:50]} Bxc4 {[%clk 0:08:59]} 30. Qxc4 {[%clk
0:13:11]} dxc5 {[%clk 0:08:56]} 31. bxc5 {[%clk 0:12:42]} bxc5 {[%clk 0:07:35]}
32. Qxc5 {[%clk 0:12:04]} Rgd8 {[%clk 0:07:18]} 33. Red1 {[%clk 0:08:39]} e5
{[%clk 0:05:57]} 34. Nb3 {[%clk 0:08:18]} Rxd2 {[%clk 0:06:25]} 35. Rxd2 {[%clk
0:08:31]} Rxd2 {[%clk 0:06:49]} 36. Nxd2 {[%clk 0:08:56]} a6 {[%clk 0:06:14]} 37.
Qc8+ {[%clk 0:07:22]} Bf8 {[%clk 0:05:44]} 38. Ne4 {[%clk 0:06:21]} Ne7 {[%clk
0:04:50]} 39. Qb8 {[%clk 0:02:02]} Qg7 {[%clk 0:02:31]} 40. Qa8 {[%clk 0:31:15]}
Qh6 {[%clk 0:31:13]} 41. Bc5 {[%clk 0:25:07]} Kg7 {[%clk 0:16:27]} 42. Bd6 {[%clk
0:24:00]} Kf7 {[%clk 0:14:41]} 43. Qxa6 {[%clk 0:21:20]} Nf5 {[%clk 0:12:54]} 44.
Qc4+ {[%clk 0:19:52]} Kg6 {[%clk 0:10:54]} 45. Qe6+ {[%clk 0:20:09]} 1-0

[Event "Irena Warakomska Memorial 2019"]
[Site "Suwalki"]
[Date "2019.08.07"]
[Round "3"]
[White "Bai, Adelard"]
[Black "Sernecki, Franciszek"]
[Result "0-1"]
[Board "31"]
[WhiteElo "2033"]
[WhiteTitle "CM"]
[WhiteCountry "TPE"]
[WhiteFideId "16301188"]
[WhiteEloChange "-4"]
[BlackElo "2260"]
[BlackCountry "POL"]
[BlackFideId "1169297"]
[BlackEloChange "4"]

1. d4 {[%clk 1:30:46]} Nf6 {[%clk 1:30:53]} 2. c4 {[%clk 1:31:08]} e6 {[%clk
1:31:19]} 3. Nf3 {[%clk 1:31:30]} d5 {[%clk 1:31:37]} 4. g3 {[%clk 1:31:53]} dxc4
{[%clk 1:31:43]} 5. Bg2 {[%clk 1:32:14]} Bb4+ {[%clk 1:31:17]} 6. Bd2 {[%clk
1:30:10]} c5 {[%clk 1:31:08]} 7. Bxb4 {[%clk 1:18:07]} cxb4 {[%clk 1:30:41]} 8.
Qa4+ {[%clk 1:17:10]} Nc6 {[%clk 0:47:39]} 9. Ne5 {[%clk 1:14:22]} O-O {[%clk
0:44:29]} 10. Nxc6 {[%clk 1:13:39]} bxc6 {[%clk 0:44:13]} 11. Qxb4 {[%clk
0:50:42]} Qxd4 {[%clk 0:39:45]} 12. Bxc6 {[%clk 0:48:47]} Rd8 {[%clk 0:31:00]}
13. O-O {[%clk 0:39:10]} a5 {[%clk 0:27:17]} 14. Qc3 {[%clk 0:38:43]} Rb8 {[%clk
0:22:30]} 15. Qxd4 {[%clk 0:35:58]} Rxd4 {[%clk 0:18:50]} 16. Nc3 {[%clk
0:33:05]} Rxb2 {[%clk 0:11:04]} 17. Rfd1 {[%clk 0:25:04]} e5 {[%clk 0:09:40]} 18.
Rxd4 {[%clk 0:24:48]} exd4 {[%clk 0:08:09]} 19. Rd1 {[%clk 0:25:11]} Bd7 {[%clk
0:01:26]} 20. Nd5 {[%clk 0:18:32]} Bxc6 {[%clk 0:01:06]} 21. Ne7+ {[%clk
0:18:55]} Kf8 {[%clk 0:01:35]} 22. Nxc6 {[%clk 0:19:17]} c3 {[%clk 0:01:15]} 23.
Kg2 {[%clk 0:17:57]} Rd2 {[%clk 0:00:55]} 24. Rc1 {[%clk 0:17:30]} Nd5 {[%clk
0:00:46]} 25. a3 {[%clk 0:17:35]} c2 {[%clk 0:00:44]} 26. Ne5 {[%clk 0:15:04]}
Rxe2 {[%clk 0:00:51]} 27. Nd3 {[%clk 0:15:16]} Rd2 {[%clk 0:01:02]} 28. Nb2
{[%clk 0:14:26]} Nc3 {[%clk 0:00:42]} 29. Kf1 {[%clk 0:14:18]} Rd1+ {[%clk
0:00:58]} 30. Nxd1 {[%clk 0:14:29]} cxd1Q+ {[%clk 0:01:21]} 31. Rxd1 {[%clk
0:14:48]} Nxd1 {[%clk 0:01:47]} 32. Ke2 {[%clk 0:15:13]} Nb2 {[%clk 0:02:05]} 33.
Kd2 {[%clk 0:15:38]} Nc4+ {[%clk 0:02:21]} 34. Kd3 {[%clk 0:16:03]} Nxa3 {[%clk
0:02:47]} 0-1

[Event "Irena Warakomska Memorial 2019"]
[Site "Suwalki"]
[Date "2019.08.07"]
[Round "3"]
[White "Leskiewicz, Ignacy"]
[Black "Selbes, Tarik"]
[Result "0-1"]
[Board "40"]
[WhiteElo "2146"]
[WhiteCountry "POL"]
[WhiteFideId "1185870"]
[WhiteEloChange "-6"]
[BlackElo "2302"]
[BlackTitle "FM"]
[BlackCountry "TUR"]
[BlackFideId "6302513"]
[BlackEloChange "6"]

1. e4 {[%clk 1:30:59]} e5 {[%clk 1:20:52]} 2. Nf3 {[%clk 1:31:13]} Nc6 {[%clk
1:21:13]} 3. Bb5 {[%clk 1:31:38]} g6 {[%clk 1:21:07]} 4. O-O {[%clk 1:25:54]} Bg7
{[%clk 1:20:43]} 5. c3 {[%clk 1:23:43]} a6 {[%clk 1:21:05]} 6. Ba4 {[%clk
1:23:20]} d6 {[%clk 1:20:00]} 7. h3 {[%clk 1:19:55]} Nf6 {[%clk 1:19:39]} 8. d4
{[%clk 1:16:45]} b5 {[%clk 1:19:27]} 9. Bb3 {[%clk 1:12:43]} O-O {[%clk 1:19:33]}
10. Bg5 {[%clk 1:08:23]} h6 {[%clk 1:19:46]} 11. Be3 {[%clk 0:58:09]} Bb7 {[%clk
1:19:45]} 12. Nbd2 {[%clk 0:55:15]} Re8 {[%clk 1:17:47]} 13. dxe5 {[%clk
0:23:19]} Nxe5 {[%clk 1:17:07]} 14. Nxe5 {[%clk 0:21:44]} dxe5 {[%clk 1:15:53]}
15. f3 {[%clk 0:19:40]} Nh5 {[%clk 1:15:18]} 16. Rf2 {[%clk 0:18:42]} Qf6 {[%clk
1:12:34]} 17. a4 {[%clk 0:16:32]} Red8 {[%clk 1:10:18]} 18. Qc2 {[%clk 0:15:27]}
Nf4 {[%clk 1:08:43]} 19. Nf1 {[%clk 0:15:16]} h5 {[%clk 1:07:15]} 20. c4 {[%clk
0:13:38]} bxa4 {[%clk 1:05:24]} 21. Bxa4 {[%clk 0:12:27]} Bh6 {[%clk 1:04:08]}
22. c5 {[%clk 0:11:45]} Bc8 {[%clk 0:58:49]} 23. Bb3 {[%clk 0:09:25]} Bd7 {[%clk
0:37:55]} 24. Bd5 {[%clk 0:06:17]} Nxd5 {[%clk 0:30:40]} 25. exd5 {[%clk
0:06:08]} Bxe3 {[%clk 0:30:35]} 26. Nxe3 {[%clk 0:06:37]} Qg5 {[%clk 0:30:49]}
27. Qe4 {[%clk 0:05:38]} Bxh3 {[%clk 0:29:41]} 28. Nc4 {[%clk 0:05:05]} Re8
{[%clk 0:26:59]} 29. d6 {[%clk 0:04:56]} Bf5 {[%clk 0:26:01]} 30. Qd5 {[%clk
0:04:06]} Qf4 {[%clk 0:23:27]} 31. Ra4 {[%clk 0:02:13]} Be6 {[%clk 0:20:12]} 32.
Qe4 {[%clk 0:01:06]} Qxe4 {[%clk 0:13:23]} 33. fxe4 {[%clk 0:01:35]} cxd6 {[%clk
0:13:44]} 34. cxd6 {[%clk 0:01:12]} Red8 {[%clk 0:13:02]} 35. Rd2 {[%clk
0:01:03]} f6 {[%clk 0:11:54]} 36. Kf2 {[%clk 0:00:57]} Kf7 {[%clk 0:11:13]} 37.
Ke3 {[%clk 0:00:43]} Bxc4 {[%clk 0:09:37]} 38. Rxc4 {[%clk 0:01:13]} Rd7 {[%clk
0:09:55]} 39. Rc6 {[%clk 0:01:09]} Ke6 {[%clk 0:10:04]} 40. Rd5 {[%clk 0:30:44]}
Rb8 {[%clk 0:38:52]} 41. Rd2 {[%clk 0:22:57]} Rb3+ {[%clk 0:38:49]} 42. Ke2
{[%clk 0:22:12]} a5 {[%clk 0:38:36]} 43. Ra6 {[%clk 0:22:04]} Rb4 {[%clk
0:36:46]} 44. Ke3 {[%clk 0:20:51]} a4 {[%clk 0:36:57]} 45. g3 {[%clk 0:17:33]} g5
{[%clk 0:35:16]} 46. Kf3 {[%clk 0:16:57]} g4+ {[%clk 0:30:48]} 47. Ke3 {[%clk
0:17:26]} Rb3+ {[%clk 0:31:09]} 48. Kf2 {[%clk 0:17:43]} Rf3+ {[%clk 0:31:20]}
49. Kg2 {[%clk 0:17:47]} Re3 {[%clk 0:31:30]} 50. Rxa4 {[%clk 0:17:53]} Rxd6
{[%clk 0:31:54]} 51. Rc2 {[%clk 0:18:07]} Rdd3 {[%clk 0:26:18]} 52. Ra6+ {[%clk
0:15:48]} Kf7 {[%clk 0:26:18]} 53. Rcc6 {[%clk 0:15:48]} Rxg3+ {[%clk 0:25:38]}
54. Kh2 {[%clk 0:15:53]} Rgf3 {[%clk 0:25:17]} 55. b4 {[%clk 0:15:37]} Rd2+
{[%clk 0:25:10]} 56. Kg1 {[%clk 0:16:00]} h4 {[%clk 0:24:46]} 57. Ra8 {[%clk
0:15:02]} Rd1+ {[%clk 0:24:32]} 58. Kg2 {[%clk 0:15:21]} h3+ {[%clk 0:24:49]} 59.
Kh2 {[%clk 0:15:46]} Rd2+ {[%clk 0:25:10]} 0-1

[Event "Irena Warakomska Memorial 2019"]
[Site "Suwalki"]
[Date "2019.08.07"]
[Round "3"]
[White "Korbal, Arkadiusz"]
[Black "Czarniecka, Aleksandra"]
[Result "1/2-1/2"]
[Board "46"]
[WhiteElo "2168"]
[WhiteCountry "POL"]
[WhiteFideId "1133837"]
[WhiteEloChange "-3"]
[BlackElo "2042"]
[BlackCountry "POL"]
[BlackFideId "1194933"]
[BlackEloChange "3"]

1. d4 {[%clk 1:30:55]} d6 {[%clk 1:30:29]} 2. c4 {[%clk 1:31:12]} e5 {[%clk
1:29:28]} 3. Nf3 {[%clk 1:31:30]} e4 {[%clk 1:29:06]} 4. Ng5 {[%clk 1:31:42]} f5
{[%clk 1:28:54]} 5. g3 {[%clk 1:31:17]} Nf6 {[%clk 1:24:45]} 6. Bg2 {[%clk
1:31:00]} Be7 {[%clk 1:22:00]} 7. O-O {[%clk 1:31:08]} O-O {[%clk 1:20:42]} 8.
Nc3 {[%clk 1:31:16]} c6 {[%clk 1:16:04]} 9. d5 {[%clk 1:27:14]} h6 {[%clk
1:13:11]} 10. Nh3 {[%clk 1:26:37]} Nbd7 {[%clk 1:11:40]} 11. f3 {[%clk 1:16:47]}
exf3 {[%clk 1:00:55]} 12. exf3 {[%clk 1:14:51]} Ne5 {[%clk 0:57:06]} 13. b3
{[%clk 1:11:10]} Qb6+ {[%clk 0:51:52]} 14. Kh1 {[%clk 1:11:01]} Bd7 {[%clk
0:49:11]} 15. Re1 {[%clk 1:04:27]} Rae8 {[%clk 0:44:05]} 16. Nf4 {[%clk 1:01:26]}
Qc7 {[%clk 0:34:23]} 17. Bb2 {[%clk 0:59:47]} Bd8 {[%clk 0:27:20]} 18. Rc1 {[%clk
0:49:00]} Nf7 {[%clk 0:22:47]} 19. Nce2 {[%clk 0:46:53]} Kh7 {[%clk 0:17:42]} 20.
Nd4 {[%clk 0:41:20]} Rxe1+ {[%clk 0:17:51]} 21. Qxe1 {[%clk 0:41:41]} Re8 {[%clk
0:17:20]} 22. Qd2 {[%clk 0:40:52]} c5 {[%clk 0:13:12]} 23. Nde6 {[%clk 0:40:55]}
Bxe6 {[%clk 0:12:29]} 24. Nxe6 {[%clk 0:40:19]} Qd7 {[%clk 0:11:51]} 25. Bh3
{[%clk 0:37:14]} g6 {[%clk 0:11:17]} 26. Qc3 {[%clk 0:32:02]} Ng5 {[%clk
0:08:43]} 27. Nxd8 {[%clk 0:29:02]} Qxd8 {[%clk 0:08:56]} 28. Bg2 {[%clk
0:28:12]} Kg7 {[%clk 0:08:01]} 29. Re1 {[%clk 0:25:20]} Rxe1+ {[%clk 0:04:59]}
30. Qxe1 {[%clk 0:25:41]} Qd7 {[%clk 0:04:50]} 31. h4 {[%clk 0:23:49]} Nh7 {[%clk
0:04:43]} 32. Qe3 {[%clk 0:23:05]} g5 {[%clk 0:03:24]} 33. Bf1 {[%clk 0:19:59]}
Kf7 {[%clk 0:02:49]} 34. Bh3 {[%clk 0:14:30]} g4 {[%clk 0:01:29]} 35. fxg4 {[%clk
0:14:40]} fxg4 {[%clk 0:01:42]} 36. Bg2 {[%clk 0:14:41]} h5 {[%clk 0:01:15]} 37.
Kh2 {[%clk 0:11:22]} Qf5 {[%clk 0:01:20]} 38. a3 {[%clk 0:10:49]} Nf8 {[%clk
0:01:15]} 39. b4 {[%clk 0:10:03]} b6 {[%clk 0:01:01]} 40. Qb3 {[%clk 0:36:34]}
N8d7 {[%clk 0:30:52]} 41. Bc1 {[%clk 0:32:08]} Kg6 {[%clk 0:26:01]} 42. Bf4
{[%clk 0:31:45]} Ne5 {[%clk 0:23:47]} 43. bxc5 {[%clk 0:28:33]} bxc5 {[%clk
0:23:54]} 44. Bxe5 {[%clk 0:25:52]} Qxe5 {[%clk 0:23:57]} 45. Qb8 {[%clk
0:24:31]} Qe7 {[%clk 0:21:56]} 46. a4 {[%clk 0:24:36]} Ne8 {[%clk 0:16:56]} 47.
a5 {[%clk 0:17:54]} Ng7 {[%clk 0:16:56]} 48. Qb1+ {[%clk 0:19:25]} Nf5 {[%clk
0:14:53]} 49. Be4 {[%clk 0:18:11]} Qe5 {[%clk 0:11:38]} 50. Qd3 {[%clk 0:16:59]}
Kf6 {[%clk 0:10:26]} 51. Bxf5 {[%clk 0:17:07]} Qxf5 {[%clk 0:10:40]} 52. Qe3
{[%clk 0:15:27]} Qc2+ {[%clk 0:10:09]} 53. Kg1 {[%clk 0:15:22]} Qd1+ {[%clk
0:09:46]} 1/2-1/2

[Event "Irena Warakomska Memorial 2019"]
[Site "Suwalki"]
[Date "2019.08.07"]
[Round "3"]
[White "Iturrizaga Bonelli, Eduardo"]
[Black "Nowak, Lukasz"]
[Result "1-0"]
[Board "48"]
[WhiteElo "2635"]
[WhiteTitle "GM"]
[WhiteCountry "VEN"]
[WhiteFideId "3901211"]
[WhiteEloChange "1"]
[BlackElo "2257"]
[BlackTitle "FM"]
[BlackCountry "POL"]
[BlackFideId "1166760"]
[BlackEloChange "-2"]

1. c4 {[%clk 1:25:08]} Nf6 {[%clk 1:30:49]} 2. Nc3 {[%clk 1:25:03]} e6 {[%clk
1:31:08]} 3. e4 {[%clk 1:24:35]} d5 {[%clk 1:31:25]} 4. e5 {[%clk 1:24:03]} d4
{[%clk 1:31:44]} 5. exf6 {[%clk 1:24:26]} dxc3 {[%clk 1:32:07]} 6. fxg7 {[%clk
1:24:20]} cxd2+ {[%clk 1:31:28]} 7. Bxd2 {[%clk 1:24:46]} Bxg7 {[%clk 1:31:39]}
8. Qc2 {[%clk 1:25:13]} Nc6 {[%clk 1:20:08]} 9. Nf3 {[%clk 1:25:37]} Qe7 {[%clk
1:20:05]} 10. Bc3 {[%clk 1:10:20]} Bxc3+ {[%clk 1:15:36]} 11. Qxc3 {[%clk
1:10:45]} Qb4 {[%clk 1:15:44]} 12. Kd2 {[%clk 1:10:08]} b6 {[%clk 1:00:23]} 13.
Qxb4 {[%clk 1:00:26]} Nxb4 {[%clk 1:00:18]} 14. Kc3 {[%clk 0:59:19]} Nc6 {[%clk
1:00:21]} 15. Bd3 {[%clk 0:54:47]} Bb7 {[%clk 0:54:51]} 16. Be4 {[%clk 0:55:12]}
O-O-O {[%clk 0:40:35]} 17. Rhe1 {[%clk 0:55:10]} Rhg8 {[%clk 0:33:23]} 18. g3
{[%clk 0:55:27]} Ne7 {[%clk 0:31:18]} 19. Ne5 {[%clk 0:52:44]} Rg7 {[%clk
0:24:59]} 20. Nd3 {[%clk 0:47:00]} Bxe4 {[%clk 0:17:08]} 21. Rxe4 {[%clk
0:47:23]} Nf5 {[%clk 0:17:19]} 22. Rae1 {[%clk 0:43:24]} Rgg8 {[%clk 0:14:23]}
23. Ne5 {[%clk 0:43:29]} Rdf8 {[%clk 0:13:30]} 24. Rf4 {[%clk 0:38:28]} Nd6
{[%clk 0:10:21]} 25. Rf6 {[%clk 0:36:05]} a5 {[%clk 0:08:12]} 26. h4 {[%clk
0:34:17]} Kd8 {[%clk 0:06:23]} 27. g4 {[%clk 0:34:33]} Ke7 {[%clk 0:06:25]} 28.
g5 {[%clk 0:33:47]} Ne8 {[%clk 0:04:19]} 29. Rd1 {[%clk 0:31:45]} Nd6 {[%clk
0:04:04]} 30. f3 {[%clk 0:32:08]} Rg7 {[%clk 0:03:01]} 31. Kd3 {[%clk 0:27:05]}
Rh8 {[%clk 0:03:03]} 32. Rh6 {[%clk 0:25:35]} Nf5 {[%clk 0:02:00]} 33. Ke4 {[%clk
0:25:01]} Nd6+ {[%clk 0:02:18]} 34. Kf4 {[%clk 0:25:25]} Rf8 {[%clk 0:02:37]} 35.
b3 {[%clk 0:24:35]} f6 {[%clk 0:01:39]} 36. Nc6+ {[%clk 0:24:54]} Ke8 {[%clk
0:01:28]} 37. Rxf6 {[%clk 0:22:56]} Rxf6+ {[%clk 0:01:30]} 38. gxf6 {[%clk
0:23:23]} Rg6 {[%clk 0:01:08]} 39. Ke5 {[%clk 0:23:32]} Kd7 {[%clk 0:01:16]} 40.
f7 {[%clk 0:53:34]} Kxc6 {[%clk 0:31:06]} 41. f8Q {[%clk 0:53:56]} 1-0